[Event "ESP-ch Seniors 65"]
[Site "Altea"]
[Date "2021.11.07"]
[Round "9"]
[White "Celaya Tapiz, Jose Maria"]
[Black "Pastor Alonso de Prado, Emilio Alberto"]
[Result "0-1"]
[WhiteElo "2191"]
[BlackElo "2043"]
[PlyCount "114"]
[EventDate "2021.10.31"]
[EventType "swiss"]
[EventRounds "9"]
[EventCountry "ESP"]
[SourceTitle "CBM 205 Extra"]
[Source "ChessBase"]
[SourceDate "2022.01.31"]
[SourceVersion "1"]
[SourceVersionDate "2022.01.31"]
[SourceQuality "1"]

1. e4 d6 2. d4 Nf6 3. Nc3 e5 4. dxe5 dxe5 5. Qxd8+ Kxd8 6. Nf3 Nbd7 7. Ng5 Ke7 8. Bc4 Nb6 9. Bb3 Be6 10. Bxe6 fxe6 11. Be3 Nbd7 12. Nb5 Ne8 13. Nf3 a6 14. Bg5+ Nef6 15. Nc3 Kf7 16. 0-0-0 Bd6 17. Bh4 h6 18. h3 g5 19. Bg3 Rag8 20. Nd2 Nh5 21. Bh2 b5 22. a3 Ke7 23. g3 Rf8 24. Rhf1 Rf7 25. Rde1 Rhf8 26. Nd1 Nb6 27. f3 a5 28. Ne3 a4 29. Ng4 Nf6 30. Nxf6 Rxf6 31. Kd1 c5 32. f4 g4 33. hxg4 Rg8 34. Nf3 Nd7 35. g5 hxg5 36. Nxg5 Rh6 37. Re2 Nf6 38. Nf3 Ng4 39. Bg1 c4 40. f5 Rh3 41. fxe6 Rxg3 42. Nh4 Rxg1 43. Nf5+ Kxe6 44. Rxg1 Nf2+ 45. Rxf2 Rxg1+ 46. Kd2 Bc5 47. Rh2 Rg4 48. Rh6+ Kd7 49. Rh7+ Kc6 50. Rh6+ Kc7 51. Rh4 Rg2+ 52. Kc3 Re2 53. Rg4 Kb6 54. Rg6+ Ka5 55. Rc6 Bf2 56. b4+ axb3 57. cxb3 Be1# 0-1

[Event "ESP-ch Seniors 65"]
[Site "Altea"]
[Date "2021.11.02"]
[Round "4"]
[White "Fernandez Perez, Josep"]
[Black "Celaya Tapiz, Jose Maria"]
[Result "0-1"]
[WhiteElo "1981"]
[BlackElo "2191"]
[PlyCount "134"]
[EventDate "2021.10.31"]
[EventType "swiss"]
[EventRounds "9"]
[EventCountry "ESP"]
[SourceTitle "CBM 205 Extra"]
[Source "ChessBase"]
[SourceDate "2022.01.31"]
[SourceVersion "1"]
[SourceVersionDate "2022.01.31"]
[SourceQuality "1"]

1. e4 e5 2. Nf3 Nc6 3. Bb5 Bb4 4. c3 Ba5 5. Na3 Bb6 6. Nc4 d6 7. a4 Be6 8. d3 Bxc4 9. Bxc4 Nf6 10. Bg5 h6 11. Be3 Ng4 12. Bxb6 axb6 13. 0-0 0-0 14. h3 Nf6 15. Re1 Re8 16. b4 Re7 17. Nh4 Rd7 18. Nf5 Ne7 19. Nxe7+ Rxe7 20. Bb3 g6 21. g3 Kg7 22. Ra2 Qd7 23. Kg2 Nh7 24. Qg4 Qc6 25. Rc2 f5 26. Qe2 Rf8 27. f3 Ng5 28. h4 fxe4 29. fxe4 Nh7 30. Rf1 Ree8 31. Rxf8 Rxf8 32. Qg4 Nf6 33. Qe6 Qd7 34. Qxd7+ Nxd7 35. Rf2 Rxf2+ 36. Kxf2 Kf6 37. g4 g5 38. h5 c6 39. Ke3 Nb8 40. Bc4 Ke7 41. Kf3 Nd7 42. Bb3 Nf6 43. Bd1 Kd7 44. Ke3 Kc7 45. Kf3 Kb8 46. d4 c5 47. dxe5 dxe5 48. Bb3 Kc7 49. Be6 b5 50. a5 b6 51. axb6+ Kxb6 52. bxc5+ Kxc5 53. Ke3 b4 54. cxb4+ Kxb4 55. Kd3 Ne8 56. Bf7 Nc7 57. Bd5 Nxd5 58. exd5 Kc5 59. Ke4 Kd6 60. Kf5 Kxd5 61. Kg6 e4 62. Kxh6 e3 63. Kxg5 e2 64. h6 e1Q 65. h7 Qe5+ 66. Kh6 Qf6+ 67. Kh5 Qg7 0-1

[Event "ESP-ch Seniors 65+"]
[Site "Altea"]
[Date "2017.10.07"]
[Round "1"]
[White "Lopez Heras, Arturo"]
[Black "Celaya Tapiz, Jose Maria"]
[Result "0-1"]
[WhiteElo "1856"]
[BlackElo "2196"]
[PlyCount "88"]
[EventDate "2017.10.07"]
[EventType "swiss"]
[EventRounds "9"]
[EventCountry "ESP"]
[SourceTitle "CBM 181 Extra"]
[Source "ChessBase"]
[SourceDate "2017.12.12"]
[SourceVersion "1"]
[SourceVersionDate "2017.12.12"]
[SourceQuality "1"]

1. d4 d5 2. c4 Nf6 3. Nc3 c6 4. Nf3 g6 5. Bg5 Bg7 6. Qd2 dxc4 7. a4 h6 8. Bf4 Nd5 9. Be5 0-0 10. e4 Nxc3 11. Qxc3 Bxe5 12. Nxe5 Nd7 13. Nxc4 Nf6 14. Bd3 Be6 15. 0-0 Bxc4 16. Qxc4 Rc8 17. Rfe1 e6 18. Rad1 Qc7 19. e5 Nd5 20. Qc1 Kg7 21. Bc4 Rcd8 22. Rd3 Qe7 23. Rh3 Qg5 24. Qd1 Rd7 25. Rg3 Qd8 26. Qg4 Ne7 27. Rd1 c5 28. d5 Nxd5 29. Bb5 Rc7 30. Bd3 Qg5 31. Qe4 Qf4 32. Rxg6+ fxg6 33. Qxg6+ Kh8 34. Qxe6 Nb4 35. Bc4 Rg7 36. Rf1 Nc6 37. g3 Nxe5 38. Bd5 Qf6 39. Qh3 Ng4 40. Qg2 b6 41. h3 Nxf2 42. Qxf2 Qxf2+ 43. Rxf2 Rxf2 44. Kxf2 Rd7 0-1

[Event "Benidorm op U2300 06th"]
[Site "Benidorm"]
[Date "2007.12.01"]
[Round "2"]
[White "Sabater Sanchez, Asensio"]
[Black "Celaya Tapiz, Jose Maria"]
[Result "1/2-1/2"]
[WhiteElo "2190"]
[BlackElo "2260"]
[PlyCount "107"]
[EventDate "2007.11.30"]
[EventType "swiss"]
[EventRounds "9"]
[EventCountry "ESP"]
[SourceTitle "CBM 121 Extra"]
[Source "ChessBase"]
[SourceDate "2008.01.10"]
[SourceVersion "1"]
[SourceVersionDate "2008.01.10"]
[SourceQuality "1"]

1. d4 d5 2. Bg5 c6 3. e3 Bf5 4. Bd3 Bxd3 5. Qxd3 Nd7 6. Nf3 Ngf6 7. 0-0 e6 8. c4 Be7 9. Nc3 0-0 10. Rac1 Nh5 11. Bxe7 Qxe7 12. Ne5 Nhf6 13. Nxd7 Qxd7 14. cxd5 exd5 15. b4 a6 16. Na4 Qe7 17. Nc5 Rfe8 18. a4 Ne4 19. b5 cxb5 20. axb5 a5 21. Nxe4 dxe4 22. Qc4 Qd7 23. Qc7 Qxb5 24. Rb1 Qd5 25. Qxb7 Qxb7 26. Rxb7 Reb8 27. Rxb8+ Rxb8 28. Ra1 Kf8 29. h4 Rb5 30. Kh2 h6 31. Kg3 g5 32. hxg5 hxg5 33. Rc1 Kg7 34. Rc6 f6 35. Ra6 Kg6 36. Kg4 Rb2 37. Kg3 Ra2 38. f3 Re2 39. Rxa5 Rxe3 40. Kf2 Rd3 41. fxe4 Rxd4 42. Ke3 Rb4 43. Ra3 Rb1 44. Kf2 Rb6 45. Re3 Kf7 46. Rd3 Ke6 47. Kf3 Rb5 48. Ke3 Rb1 49. Ra3 Re1+ 50. Kf3 Rf1+ 51. Ke2 Rf4 52. Ke3 Kf7 53. Ra1 Rh4 54. Kf3 1/2-1/2

[Event "Calvia Veterans op 4th"]
[Site "Calvia"]
[Date "2007.10.23"]
[Round "9"]
[White "Celaya Tapiz, Jose Maria"]
[Black "Bellon Lopez, Juan Manuel"]
[Result "1/2-1/2"]
[WhiteElo "2260"]
[BlackElo "2434"]
[PlyCount "170"]
[EventDate "2007.10.15"]
[EventType "swiss"]
[EventRounds "9"]
[EventCountry "ESP"]
[SourceTitle "CBM 120 Extra"]
[Source "ChessBase"]
[SourceDate "2007.11.01"]
[SourceVersion "1"]
[SourceVersionDate "2007.11.01"]
[SourceQuality "1"]

1. e4 c5 2. Nf3 e6 3. g3 Nc6 4. Bg2 d6 5. 0-0 Qb6 6. d3 g6 7. c3 Bg7 8. Qc2 Nge7 9. Be3 0-0 10. Na3 d5 11. Qb3 d4 12. Qxb6 axb6 13. cxd4 Rd8 14. Nc4 cxd4 15. Bd2 b5 16. Nb6 Ra6 17. Nxc8 Rxc8 18. a3 Na5 19. Bxa5 Rxa5 20. Rac1 Rc6 21. Nd2 e5 22. f4 Raa6 23. fxe5 Bh6 24. Rxc6 Rxc6 25. Nf3 Rc2 26. Kh1 Nc6 27. Bh3 Rxb2 28. Bd7 Be3 29. e6 fxe6 30. Bxe6+ Kg7 31. h4 Rc2 32. Bd5 h5 33. Rb1 Rc1+ 34. Rxc1 Bxc1 35. Bxc6 bxc6 36. Nxd4 Bxa3 37. Nxc6 Kf6 38. Kg2 b4 39. Na5 Bb2 40. Kf3 Bc3 41. Nb3 Ke5 42. Ke3 Be1 43. d4+ Kf6 44. Kf4 Ke6 45. Na5 Bd2+ 46. Kf3 Bc3 47. Nb3 Kd6 48. Kf4 Be1 49. Kf3 Bc3 50. Ke2 Ke7 51. e5 Ke6 52. Nc5+ Kf7 53. Kd3 Be1 54. Ne4 b3 55. d5 Ke7 56. e6 Ba5 57. Nc5 Bc7 58. Ne4 Ba5 59. Nf2 Be1 60. Ne4 Ba5 61. Ng5 Be1 62. Nf3 Bxg3 63. Kc3 Kd6 64. Kxb3 Bf2 65. Kc4 Ba7 66. Kd3 Bb6 67. Ke4 Bd8 68. Ne5 Bxh4 69. Nxg6 Bg3 70. Kf5 h4 71. Kg4 Be1 72. Nf4 Bf2 73. Kf5 Bd4 74. Nh3 Bc5 75. Ke4 Bb4 76. Ng5 Ke7 77. Nf7 h3 78. Kf3 Be1 79. Ng5 h2 80. Kg2 Bg3 81. Nf3 Kd6 82. Nd4 Bh4 83. Nf5+ Kxd5 84. Nxh4 h1Q+ 85. Kxh1 Kxe6 1/2-1/2

[Event "Calvia Veterans op 4th"]
[Site "Calvia"]
[Date "2007.10.19"]
[Round "5"]
[White "Sarto Ramos, Angel"]
[Black "Celaya Tapiz, Jose Maria"]
[Result "1/2-1/2"]
[WhiteElo "2053"]
[BlackElo "2260"]
[PlyCount "124"]
[EventDate "2007.10.15"]
[EventType "swiss"]
[EventRounds "9"]
[EventCountry "ESP"]
[SourceTitle "CBM 120 Extra"]
[Source "ChessBase"]
[SourceDate "2007.11.01"]
[SourceVersion "1"]
[SourceVersionDate "2007.11.01"]
[SourceQuality "1"]

1. d4 d5 2. Nf3 c6 3. Nbd2 Nf6 4. e3 Bg4 5. c4 e6 6. Bd3 Bb4 7. 0-0 Nbd7 8. Qc2 Be7 9. b3 Bh5 10. Bb2 Bg6 11. Bxg6 hxg6 12. Ne5 Bd6 13. Rae1 Bb4 14. f3 Bxd2 15. Qxd2 dxc4 16. Nxc4 Qc7 17. g3 b5 18. Ne5 Nxe5 19. dxe5 Nd7 20. Qc3 0-0 21. Rd1 Rfc8 22. Rd6 a5 23. Rc1 c5 24. Qd3 Ra7 25. Qxb5 a4 26. Rcd1 Nb8 27. Qc4 axb3 28. axb3 g5 29. Bc3 Nc6 30. R1d2 Na5 31. Bxa5 Rxa5 32. Qg4 c4 33. bxc4 Rxe5 34. Qd4 Rf5 35. Rd8+ Kh7 36. Rxc8 Qxc8 37. g4 Rc5 38. Rc2 Kh6 39. Kg2 e5 40. Qd3 f6 41. Kg3 Qb8 42. e4 Qb1 43. Qd2 Kh7 44. Kg2 Qb3 45. Qc3 Qa4 46. Kg3 Kh8 47. h4 gxh4+ 48. Kxh4 g5+ 49. Kg3 Kg7 50. Qd3 Kg6 51. Rc1 Qe8 52. Qd6 Qc8 53. Rb1 Rc6 54. Rb8 Rxd6 55. Rxc8 Rd2 56. Rc7 Rc2 57. c5 Kh6 58. c6 Kg6 59. Rc8 Kf7 60. Rc7+ Ke6 61. Rc8 Kd6 62. Rf8 Ke7 1/2-1/2

[Event "Benidorm op U2300 04th"]
[Site "Benidorm"]
[Date "2005.11.19"]
[Round "9"]
[White "Serrano Marhuenda, Salvador"]
[Black "Celaya Tapiz, Jose Maria"]
[Result "1/2-1/2"]
[WhiteElo "2186"]
[BlackElo "2267"]
[PlyCount "119"]
[EventDate "2005.11.11"]
[EventType "swiss"]
[EventRounds "9"]
[EventCountry "ESP"]
[SourceTitle "CBM 109 Extra"]
[Source "ChessBase"]
[SourceDate "2006.01.03"]
[SourceVersion "2"]
[SourceVersionDate "2006.01.03"]
[SourceQuality "1"]

1. e4 e5 2. Nf3 Nc6 3. Bb5 Bb4 4. c3 Ba5 5. a4 a6 6. Bc4 Nf6 7. d3 h6 8. 0-0 Bb6 9. Nbd2 0-0 10. b4 d5 11. exd5 Nxd5 12. Ne4 Bf5 13. Qb3 Nf6 14. Qc2 Nxe4 15. dxe4 Bg4 16. Rd1 Qf6 17. Be2 Rad8 18. Ba3 Rfe8 19. b5 axb5 20. axb5 Ne7 21. h3 Bxf3 22. Bxf3 Ng6 23. Rxd8 Rxd8 24. Rd1 Nf4 25. Rxd8+ Qxd8 26. Bc1 Qd3 27. Qxd3 Nxd3 28. Bd2 Nxf2 29. Kf1 Nd3 30. Ke2 Nb2 31. Bc1 Nc4 32. Kd3 Nd6 33. c4 Bc5 34. Bb2 f6 35. Bc1 Kf7 36. h4 b6 37. h5 Ke7 38. g4 Nb7 39. Bd2 Kd6 40. Bd1 Ba3 41. Be3 Bb4 42. Bf3 Nd8 43. Bd1 Ne6 44. Bf3 Bc5 45. Bc1 c6 46. bxc6 Kxc6 47. Bd1 b5 48. cxb5+ Kxb5 49. Bd2 Bd4 50. Ke2 Kc4 51. Bc2 Nc5 52. Kf3 Nb3 53. Bxb3+ Kxb3 54. Ba5 Kc4 55. Be1 Bc5 56. Ba5 Bb4 57. Bb6 Kb5 58. Be3 Kc6 59. Ke2 Kd7 60. Kf3 1/2-1/2

[Event "Benidorm op U2300 04th"]
[Site "Benidorm"]
[Date "2005.11.12"]
[Round "2"]
[White "Plaza Pardo, Daniel"]
[Black "Celaya Tapiz, Jose Maria"]
[Result "1/2-1/2"]
[WhiteElo "2136"]
[BlackElo "2267"]
[PlyCount "49"]
[EventDate "2005.11.11"]
[EventType "swiss"]
[EventRounds "9"]
[EventCountry "ESP"]
[SourceTitle "CBM 109 Extra"]
[Source "ChessBase"]
[SourceDate "2006.01.03"]
[SourceVersion "2"]
[SourceVersionDate "2006.01.03"]
[SourceQuality "1"]

1. e4 e5 2. Nf3 Nc6 3. d4 exd4 4. Nxd4 Bc5 5. Be3 Qf6 6. c3 Nge7 7. Bc4 0-0 8. 0-0 Bb6 9. Nc2 d6 10. Bxb6 axb6 11. Ne3 Be6 12. Nd2 Bxc4 13. Ndxc4 b5 14. Nd2 b4 15. Nd5 Nxd5 16. exd5 Ne7 17. Qb3 bxc3 18. Ne4 Qf5 19. Nxc3 b6 20. Qc4 Rfc8 21. Rac1 h5 22. Rfe1 Ng6 23. Re4 Ne5 24. Qe2 Ng4 25. Qc2 1/2-1/2

[Event "Benidorm op U2300 03rd"]
[Site "Benidorm"]
[Date "2004.11.22"]
[Round "4"]
[White "Angel Acosta, Juan Carlos"]
[Black "Celaya Tapiz, Jose Maria"]
[Result "0-1"]
[WhiteElo "2169"]
[BlackElo "2265"]
[PlyCount "84"]
[EventDate "2004.11.19"]
[EventType "swiss"]
[EventRounds "9"]
[EventCountry "ESP"]
[SourceTitle "CBM 103 Extra"]
[Source "ChessBase"]
[SourceDate "2005.01.01"]
[SourceVersion "1"]
[SourceVersionDate "2005.01.01"]
[SourceQuality "1"]

1. d4 Nf6 2. c4 g6 3. Nf3 Bg7 4. Nc3 d5 5. cxd5 Nxd5 6. Na4 0-0 7. e4 Nb6 8. Be3 Bg4 9. Nc5 Qc8 10. h3 Bxf3 11. gxf3 N8d7 12. Qc2 Nxc5 13. Qxc5 Qd8 14. h4 h5 15. Rc1 c6 16. f4 Nd7 17. Qc2 e6 18. Qd2 Nb6 19. f5 exf5 20. exf5 Qd5 21. Rg1 Qxf5 22. Bd3 Qe6 23. Rg3 Rad8 24. Be2 Rfe8 25. Kf1 Qe4 26. Bf3 Qxh4 27. Kg2 Qe7 28. Bg5 Bf6 29. Bxh5 Bxg5 30. Rxg5 Qe4+ 31. Bf3 Qxd4 32. Qa5 Nd5 33. Rd1 Qxb2 34. Bxd5 Rxd5 35. Rdxd5 cxd5 36. Qxd5 Kg7 37. Rg3 Re5 38. Qd8 Qxa2 39. Qb8 Qd5+ 40. Kf1 a5 41. Rh3 Qb5+ 42. Kg1 Rg5+ 0-1

[Event "Benidorm op U2300 03rd"]
[Site "Benidorm"]
[Date "2004.11.21"]
[Round "3"]
[White "Celaya Tapiz, Jose Maria"]
[Black "Fenollar Jorda, Manuel"]
[Result "0-1"]
[WhiteElo "2265"]
[BlackElo "2191"]
[PlyCount "108"]
[EventDate "2004.11.19"]
[EventType "swiss"]
[EventRounds "9"]
[EventCountry "ESP"]
[SourceTitle "CBM 103 Extra"]
[Source "ChessBase"]
[SourceDate "2005.01.01"]
[SourceVersion "1"]
[SourceVersionDate "2005.01.01"]
[SourceQuality "1"]

1. e4 e5 2. Nf3 Nc6 3. Bb5 a6 4. Bxc6 dxc6 5. h3 f6 6. d3 Be6 7. Be3 c5 8. Nbd2 Qd7 9. a4 Bd6 10. b3 Ne7 11. Qe2 0-0 12. 0-0 Kh8 13. Nh2 g5 14. f3 Ng6 15. Qf2 Nf4 16. Rfe1 Rg8 17. Kh1 Rg6 18. Nc4 Rag8 19. Nxd6 cxd6 20. Rg1 Qg7 21. Raf1 h5 22. h4 Bf7 23. hxg5 fxg5 24. Rd1 g4 25. Bxf4 exf4 26. g3 h4 27. Nxg4 hxg3 28. Qe2 Be6 29. Kg2 Rf8 30. Rh1+ Kg8 31. Rdf1 Bxg4 32. fxg4 Rxg4 33. Qf3 Qg5 34. Rh3 Qg7 35. Rfh1 Rg6 36. Rh4 Qc3 37. Rg4 Qxc2+ 38. Kh3 Rff6 39. Rxg6+ Rxg6 40. Qxf4 g2 41. Rg1 Qxd3+ 42. Kh2 Qe2 43. Qf5 Qg4 44. Qxg4 Rxg4 45. Rxg2 Rxg2+ 46. Kxg2 b6 47. Kf3 Kf7 48. Ke3 Ke6 49. Kd3 Ke5 50. Ke3 b5 51. axb5 axb5 52. Kf3 Kd4 53. Kf4 c4 54. bxc4 bxc4 0-1

[Event "Valencia Autonomico-B"]
[Site "Valencia"]
[Date "2004.01.31"]
[Round "3.5"]
[White "Celaya Tapiz, Jose Maria"]
[Black "Gallego Rico, Sergi"]
[Result "1-0"]
[WhiteElo "2213"]
[BlackElo "2016"]
[PlyCount "85"]
[EventDate "2004.01.17"]
[EventType "team"]
[EventRounds "5"]
[EventCountry "ESP"]
[SourceTitle "CBM 098 Extra"]
[Source "ChessBase"]
[SourceDate "2004.03.10"]
[SourceVersion "2"]
[SourceVersionDate "2004.03.10"]
[SourceQuality "1"]

1. e4 e5 2. Nf3 Nf6 3. Bc4 Nxe4 4. d3 Nf6 5. Nxe5 d5 6. Bb3 Bd6 7. d4 0-0 8. 0-0 c5 9. c3 Nc6 10. Nxc6 bxc6 11. dxc5 Bxc5 12. Bg5 Qd6 13. Bh4 Bg4 14. Qd3 Rfe8 15. Bd1 Bxd1 16. Qxd1 Re4 17. Bxf6 Qxf6 18. Nd2 Rf4 19. Qe2 Qe6 20. Qxe6 fxe6 21. g3 Rf6 22. Kg2 Raf8 23. f3 g6 24. Rae1 Re8 25. f4 Bd6 26. Nf3 c5 27. b3 Rf5 28. Re2 h6 29. Rfe1 Kf7 30. h4 Bc7 31. Rd1 Rg8 32. Rd3 a5 33. Rde3 Re8 34. Rd3 Rg8 35. Nh2 g5 36. Ng4 Rg6 37. h5 Rgf6 38. Nxf6 Rxf6 39. fxg5 hxg5 40. Rf3 Rxf3 41. Kxf3 e5 42. Kg4 e4 43. c4 1-0

[Event "Benidorm Bali op-A"]
[Site "Benidorm"]
[Date "2003.11.24"]
[Round "4"]
[White "Muelas Cerezuela, Jose"]
[Black "Celaya Tapiz, Jose Maria"]
[Result "0-1"]
[WhiteElo "2128"]
[BlackElo "2213"]
[PlyCount "66"]
[EventDate "2003.11.21"]
[EventType "swiss"]
[EventRounds "9"]
[EventCountry "ESP"]
[SourceTitle "CBM 097 Extra"]
[Source "ChessBase"]
[SourceDate "2004.01.13"]
[SourceVersion "1"]
[SourceVersionDate "2004.01.13"]
[SourceQuality "1"]

1. Nf3 Nf6 2. c4 g6 3. Nc3 Bg7 4. g3 0-0 5. d4 d5 6. cxd5 Nxd5 7. Bg2 Nxc3 8. bxc3 c5 9. 0-0 cxd4 10. cxd4 Nc6 11. Be3 Be6 12. Rb1 Na5 13. Qa4 Bd5 14. Bf4 b6 15. Rbc1 h6 16. Be5 Rc8 17. Bh3 e6 18. Bxg7 Kxg7 19. Nd2 Qd6 20. Qb5 Bc6 21. Qd3 Rfd8 22. e3 Qd5 23. f3 Bb5 24. Qb1 Bxf1 25. Bxf1 Rxc1 26. Qxc1 Qc6 27. Qb2 Rc8 28. Ne4 Qc1 29. Qb4 Qxe3+ 30. Kg2 Rc2+ 31. Kh3 Qxf3 32. Nd2 Qh5+ 33. Kg2 Qg5 0-1

[Event "Dos Hermanas-D"]
[Site "Dos Hermanas"]
[Date "2003.04.02"]
[Round "6.2"]
[White "Jimenez Alonso, Julio"]
[Black "Celaya Tapiz, Jose Maria"]
[Result "0-1"]
[WhiteElo "2024"]
[BlackElo "2182"]
[PlyCount "112"]
[EventDate "2003.03.28"]
[EventType "tourn"]
[EventRounds "9"]
[EventCountry "ESP"]
[SourceTitle "CBM 093 Extra"]
[Source "ChessBase"]
[SourceDate "2003.05.09"]
[SourceVersion "1"]
[SourceVersionDate "2003.05.09"]
[SourceQuality "1"]

1. d4 d5 2. c4 e6 3. Nc3 Nf6 4. cxd5 exd5 5. e3 c6 6. Bd3 Bd6 7. Nf3 Nbd7 8. 0-0 0-0 9. Qc2 Re8 10. Rb1 a6 11. b4 Qc7 12. h3 h6 13. Nh4 Nb6 14. e4 dxe4 15. Nxe4 Nxe4 16. Bxe4 Qe7 17. Nf5 Bxf5 18. Bxf5 Qe2 19. Bd2 Qc4 20. Qxc4 Nxc4 21. Bc3 Na3 22. Rb3 Nb5 23. Bb2 Rad8 24. a3 Be7 25. Rd3 Nd6 26. Bg4 Nc4 27. Bc1 Bg5 28. Bxg5 hxg5 29. Bf3 Ne5 30. Rd2 Nxf3+ 31. gxf3 Rd5 32. Rfd1 f6 33. Kg2 Kf7 34. Kg3 Red8 35. f4 Rh8 36. fxg5 Rxg5+ 37. Kh2 Rhh5 38. Re1 Rf5 39. Re3 Rd5 40. Kg2 Rh4 41. Red3 g5 42. f3 Kg6 43. Rd1 Kf5 44. Kg3 Kg6 45. Kg2 Rh8 46. Kg3 Kf5 47. Rc1 Rhd8 48. Rc4 R8d6 49. Re3 a5 50. bxa5 Rxa5 51. a4 Rad5 52. Rc5 Kg6 53. Rb3 Rxd4 54. Rxb7 Rxa4 55. Rb6 Rd3 56. Rcxc6 Rf4 0-1

[Event "Dos Hermanas-D"]
[Site "Dos Hermanas"]
[Date "2003.03.30"]
[Round "3.5"]
[White "Caro Rodriguez, Juan Antonio"]
[Black "Celaya Tapiz, Jose Maria"]
[Result "0-1"]
[WhiteElo "2160"]
[BlackElo "2182"]
[PlyCount "134"]
[EventDate "2003.03.28"]
[EventType "tourn"]
[EventRounds "9"]
[EventCountry "ESP"]
[SourceTitle "CBM 093 Extra"]
[Source "ChessBase"]
[SourceDate "2003.05.09"]
[SourceVersion "1"]
[SourceVersionDate "2003.05.09"]
[SourceQuality "1"]

1. d4 d5 2. Bg5 g6 3. e3 Bg7 4. Nd2 Nf6 5. Bd3 c6 6. f4 Qd6 7. c3 Qe6 8. Qf3 Ng4 9. Nf1 h6 10. Bh4 Bf6 11. Bg3 h5 12. h3 Nh6 13. Kd2 Nf5 14. Bf2 Nd6 15. Kc2 Nd7 16. Nd2 b5 17. e4 dxe4 18. Nxe4 Nxe4 19. Bxe4 Bb7 20. f5 gxf5 21. Bxf5 Qd5 22. Be4 Qe6 23. Ne2 h4 24. Be3 Nb6 25. Nf4 Qd6 26. Nh5 Nd5 27. Bxd5 cxd5 28. Rhf1 Rg8 29. Rae1 0-0-0 30. Nxf6 Qxf6 31. Qxf6 exf6 32. Re2 Rg6 33. Bf4 Bc6 34. Rff2 Re8 35. Kd2 Rxe2+ 36. Kxe2 Bd7 37. Bd6 Kd8 38. Kf1 f5 39. Bh2 a5 40. Rf4 b4 41. Rf3 bxc3 42. Rxc3 Bb5+ 43. Kf2 Re6 44. Be5 f6 45. Rc5 Bd3 46. Rc3 Ba6 47. Bc7+ Kd7 48. Bxa5 Re2+ 49. Kf3 Rxb2 50. a3 Bf1 51. g3 Bg2+ 52. Kf4 Rf2+ 53. Ke3 hxg3 54. Rc7+ Kd6 55. Rg7 f4+ 56. Kd3 Bxh3 57. Bc7+ Ke6 58. Bxf4 Rxf4 59. Rxg3 Bf1+ 60. Kc3 Kf5 61. Re3 Kg4 62. Re8 Bc4 63. a4 Rf3+ 64. Kb4 Rb3+ 65. Ka5 Rd3 66. Re6 f5 67. Kb6 Rxd4 0-1

[Event "Benidorm op U2300 02nd"]
[Site "Benidorm"]
[Date "2002.??.??"]
[Round "3.13"]
[White "Celaya Tapiz, Jose Maria"]
[Black "Ballesteros Gonzalez, David"]
[Result "0-1"]
[WhiteElo "2182"]
[BlackElo "2277"]
[PlyCount "92"]
[EventDate "2002.11.22"]
[EventType "swiss"]
[EventRounds "9"]
[EventCountry "ESP"]
[SourceTitle "CBM 091 Extra"]
[Source "ChessBase"]
[SourceDate "2003.01.09"]
[SourceVersion "1"]
[SourceVersionDate "2003.01.09"]
[SourceQuality "1"]

1. e4 c5 2. Nf3 Nc6 3. Bb5 Nd4 4. Nxd4 cxd4 5. 0-0 Qc7 6. d3 a6 7. Ba4 e6 8. Bb3 b5 9. Nd2 Bb7 10. Nf3 Bc5 11. Bg5 d6 12. h3 Ne7 13. Bf4 h6 14. Nh2 Ng6 15. Bg3 h5 16. h4 Qd8 17. Nf3 d5 18. exd5 Bxd5 19. Bxd5 Qxd5 20. Re1 Rd8 21. Qd2 b4 22. Ne5 Rh6 23. Nc4 Be7 24. f3 Bxh4 25. Bxh4 Nxh4 26. Re5 Qb7 27. Qg5 Nxf3+ 28. gxf3 Rg6 29. Rxe6+ Rxe6 30. Qxh5 Rd5 31. Qh8+ Kd7 32. Qh3 Kd8 33. Qh8+ Kc7 34. Qh2+ Kc8 35. Qh8+ Rd8 36. Qh3 Qd7 37. Qg4 Kb8 38. Kf2 Qc7 39. f4 Rf6 40. Kf3 Qc6+ 41. Kf2 Rh8 42. Rf1 Rh2+ 43. Ke1 Re6+ 44. Kd1 Rh1 45. Ne5 Rxf1+ 46. Ke2 Rh1 0-1

[Event "Barcelona op rap"]
[Site "Barcelona"]
[Date "1996.12.15"]
[Round "8"]
[White "Celaya Tapiz, Jose Maria"]
[Black "Vidarte Morales, Arturo"]
[Result "0-1"]
[WhiteElo "2215"]
[BlackElo "2340"]
[PlyCount "102"]
[EventDate "1996.12.??"]
[EventType "swiss (rapid)"]
[EventRounds "8"]
[EventCountry "ESP"]
[SourceTitle "EXT 2001"]
[Source "ChessBase"]
[SourceDate "2000.11.22"]
[SourceVersion "1"]
[SourceVersionDate "2000.11.22"]
[SourceQuality "1"]

1. e4 c5 2. Nf3 e6 3. d4 cxd4 4. Nxd4 a6 5. c4 Qc7 6. Nc3 b6 7. Bd3 Bb7 8. 0-0 Nf6 9. Be3 d6 10. f3 Nbd7 11. Rc1 Be7 12. b3 0-0 13. Kh1 Rac8 14. Nde2 Qb8 15. Na4 Bc6 16. Nac3 Rfe8 17. Nd4 Bb7 18. Na4 Bf8 19. Qd2 Ba8 20. Rfd1 g6 21. Bh6 Be7 22. Ne2 b5 23. cxb5 axb5 24. Nac3 b4 25. Nb5 d5 26. exd5 Nxd5 27. Bc4 N7b6 28. Nf4 Qe5 29. Re1 Qf6 30. Bxd5 Nxd5 31. Nxd5 Bxd5 32. Nc7 g5 33. Nxd5 exd5 34. Rxc8 Rxc8 35. h3 Rc7 36. Qxd5 Qxh6 37. Qa8+ Qf8 38. Qa5 Rd7 39. h4 Qd8 40. Qe5 Bf6 41. Qf5 Rd1 42. Rxd1 Qxd1+ 43. Kh2 Qd6+ 44. g3 gxh4 45. Qc8+ Bd8 46. f4 Qd2+ 47. Kh3 Qd3 48. Qg4+ Kf8 49. f5 Qxg3+ 50. Qxg3 hxg3 51. Kxg3 Ke7 0-1

[Event "Barcelona op rap"]
[Site "Barcelona"]
[Date "1996.12.14"]
[Round "3"]
[White "Bosque Ortega, Xavier"]
[Black "Celaya Tapiz, Jose Maria"]
[Result "1/2-1/2"]
[WhiteElo "2315"]
[BlackElo "2215"]
[PlyCount "90"]
[EventDate "1996.12.??"]
[EventType "swiss (rapid)"]
[EventRounds "8"]
[EventCountry "ESP"]
[SourceTitle "EXT 2001"]
[Source "ChessBase"]
[SourceDate "2000.11.22"]
[SourceVersion "1"]
[SourceVersionDate "2000.11.22"]
[SourceQuality "1"]

1. d4 Nf6 2. Nf3 d5 3. Bf4 Bf5 4. e3 e6 5. Be2 Bd6 6. Bg3 Bxg3 7. hxg3 Nbd7 8. c4 c6 9. Nc3 0-0 10. Nh4 Bg6 11. g4 Qb6 12. Nxg6 hxg6 13. a3 Rfd8 14. c5 Qc7 15. f4 g5 16. 0-0 g6 17. Bd3 Kg7 18. Qf3 Rh8 19. g3 Rh3 20. Kg2 Rah8 21. Rh1 Rxh1 22. Rxh1 Rxh1 23. Kxh1 gxf4 24. exf4 b6 25. b4 a5 26. g5 Ng8 27. g4 axb4 28. axb4 bxc5 29. bxc5 Qa5 30. Ne2 Qd2 31. Kg2 f6 32. f5 gxf5 33. gxf5 Qxg5+ 34. Kf1 e5 35. Ba6 Ne7 36. dxe5 Nxe5 37. Qg3 Nxf5 38. Qxg5+ fxg5 39. Bc8 Kf6 40. Kg2 Ne7 41. Bb7 Nd3 42. Nd4 Nb4 43. Kf3 Ke5 44. Nb3 d4 45. Nxd4 Kxd4 1/2-1/2

[Event "ESP-ch"]
[Site "Lleida"]
[Date "1991.??.??"]
[Round "3"]
[White "Munoz Moreno, Francisco Javier"]
[Black "Celaya Tapiz, Jose Maria"]
[Result "1-0"]
[WhiteElo "2280"]
[BlackElo "2200"]
[PlyCount "52"]
[EventDate "1991.09.??"]
[EventType "swiss"]
[EventRounds "9"]
[EventCountry "ESP"]
[SourceTitle "EXT 1997"]
[Source "ChessBase"]
[SourceDate "1996.11.15"]
[SourceVersion "1"]
[SourceVersionDate "1996.11.15"]
[SourceQuality "1"]

1. e4 e5 2. Nc3 Nf6 3. g3 d5 4. exd5 Nxd5 5. Bg2 Nb6 6. Nf3 Nc6 7. 0-0 Be7 8. a3 0-0 9. b4 a6 10. d3 Be6 11. Bb2 f6 12. Rc1 Qd7 13. Ne4 Nd8 14. Qe2 c6 15. Rfd1 Bh3 16. d4 Bxg2 17. Kxg2 exd4 18. Bxd4 Qc7 19. Bxb6 Qxb6 20. Rd7 Re8 21. Nd4 g6 22. Qc4+ Kh8 23. Ne6 Nf7 24. Nxf6 Ne5 25. Qh4 h5 26. Qf4 h4 1-0